<?xml version="1.0" encoding="UTF-8"?><?xml-stylesheet type="text/xsl" href="static/style.xsl"?><OAI-PMH xmlns="http://www.openarchives.org/OAI/2.0/" xmlns:xsi="http://www.w3.org/2001/XMLSchema-instance" xsi:schemaLocation="http://www.openarchives.org/OAI/2.0/ http://www.openarchives.org/OAI/2.0/OAI-PMH.xsd"><responseDate>2026-04-14T05:00:01Z</responseDate><request verb="GetRecord" identifier="oai:www.recercat.cat:2072/422161" metadataPrefix="marc">https://recercat.cat/oai/request</request><GetRecord><record><header><identifier>oai:recercat.cat:2072/422161</identifier><datestamp>2025-04-13T20:10:43Z</datestamp><setSpec>com_2072_98</setSpec><setSpec>col_2072_378196</setSpec></header><metadata><record xmlns="http://www.loc.gov/MARC21/slim" xmlns:dcterms="http://purl.org/dc/terms/" xmlns:xsi="http://www.w3.org/2001/XMLSchema-instance" xmlns:doc="http://www.lyncode.com/xoai" xsi:schemaLocation="http://www.loc.gov/MARC21/slim http://www.loc.gov/standards/marcxml/schema/MARC21slim.xsd">
   <leader>00925njm 22002777a 4500</leader>
   <datafield ind2=" " ind1=" " tag="042">
      <subfield code="a">dc</subfield>
   </datafield>
   <datafield ind2=" " ind1=" " tag="720">
      <subfield code="a">Gregorio, Lara de</subfield>
      <subfield code="e">author</subfield>
   </datafield>
   <datafield ind2=" " ind1=" " tag="720">
      <subfield code="a">Universitat Autònoma de Barcelona. Facultat de Filosofia i Lletres</subfield>
      <subfield code="e">author</subfield>
   </datafield>
   <datafield ind2=" " ind1=" " tag="260">
      <subfield code="c">2011</subfield>
   </datafield>
   <datafield ind2=" " ind1=" " tag="520">
      <subfield code="a">El presente documento describe el trabajo realizado para el proyecto final de Máster en Tecnología para la información Geográfica. La aplicación se ha desarrollado en la empresa Seys Semiconductores y Sistemas S.A. El desarrollo del proyecto incluyo dos fases, la primera de creación del sistema informativo y la segunda de desarrollo de la aplicación web. La base de datos se ha implementado su plataforma Oracle® Database 11g. La tecnología SIG utilizada ha sido Autodesk® MapGuide Enterprise 11. La programación de la aplicación ha sido en ASP.NET su servidor web Microsoft® Windows® Server 2003. Como entorno de desarrollo se ha usado Microsoft® Visual Studio® 2008. El resultado ha sido una aplicación web intuitiva, eficiente y atractiva. La funcionalidad ha sido probada sobre un conjunto de datos experimentales relativos a un parque de prueba. Cada elemento puntual del parque puede ser identificado en un formulario con sus atributos y los atributos pueden ser modificados y también añadidos. La aplicación permite también la consulta de la base de datos desde la página web y el posicionamiento en el mapa de los resultados de la consulta</subfield>
   </datafield>
   <datafield tag="653" ind2=" " ind1=" ">
      <subfield code="a">Sistemes d'informació geogràfica -- Programes d'ordinador</subfield>
   </datafield>
   <datafield ind2="0" ind1="0" tag="245">
      <subfield code="a">Diseño, desarrollo e implementación de una aplicación web de inventario para la gestión de diferentes ámbitos de estudio (parques, jardines, playas y mobiliario urbano)</subfield>
   </datafield>
</record></metadata></record></GetRecord></OAI-PMH>